000 01656nam a2200469 i 4500
001 30287
003 KOSZ 005
005 20220425134851.0
008 970510s1994 pl a |000 0 pol
015 _aUWD 1995/4063
035 _a991000035569705066
035 _a(PL-WaBN)b10035874-48omnis_nlop
035 _ab10035874
035 _a(OCoLC)802137761
035 _a(PL)b0000001003587
035 _a(EXLNZ-48OMNIS_NETWORK)9910255725205606
040 _aWA N
_cWA N
_dWA N
_dKOSZ 005/HR
041 0 _apol
_beng
_bger
046 _k1994
080 _a532.08
080 _a681.12
100 1 _aPospolita, Janusz
_d(1954- )
_eAutor
245 1 0 _aOcena przydatności wybranych typów przepływomierzy do pomiarów przepływów nieustalonych /
_cJanusz Pospolita.
260 _aOpole :
_bWSI,
_c1994.
300 _a147 s. :
_brys., wykr. ;
_c24 cm.
336 _aTekst
_btxt
_2rdacontent
337 _aBez urządzenia pośredniczącego
_bn
_2rdamedia
338 _aWolumin
_bnc
_2rdacarrier
380 _aKsiążki
388 _a1901-2000
388 _a1989-2000
490 1 _aStudia i Monografie / Wyższa Szkoła Inżynierska w Opolu,
_x0239-5991 ;
_vnr 75
504 _aBibliogr. s. 125-133. - Summ., Zsfassung.
650 7 _aMechanika płynów
_2DBN
650 7 _aModele matematyczne
_2DBN
650 7 _aPrzepływomierz
_2DBN
658 _aInżynieria i technika
830 0 _aStudia i Monografie - Wyższa Szkoła Inżynierska w Opolu
_vz. 75
856 _uhttp://koha.tu.koszalin.pl/cgi-bin/koha/opac-detail.pl?biblionumber=30287
_yKatalog online BPK
942 _2UKD
_cKS
999 _c30287
_d30287